000 00652nam a2200277Ia 4500
005 20260324144300.0
008 008 260324s9999 xx 000 0 eng d
020 _a9781351071536
037 _aEBOOK
040 _aCRL
040 _beng
040 _cCRL
041 _2eng
041 _aeng
084 _qCRL
100 _aErno Lindner
_91218746
245 0 _aDynamic Characteristics Of Ion Selective Electrodes
260 _bTaylor and Francis
260 _c1988
365 _a
365 _b320
856 _uhttp://www.taylorfrancis.com/books/9781351071536
942 _cEBOOK
999 _c1825175
_d1825175